| 000 | 00402nam a22001457a 4500 | ||
|---|---|---|---|
| 003 | OSt | ||
| 008 | 250212b |||||||| |||| 00| 0 eng d | ||
| 020 | _a9789348140906 | ||
| 100 | _aMISHRA, Akhilesh Kumar | ||
| 245 | _aCross Domain Management : Strategies That Work Everywhere | ||
| 260 |
_aNew Delhi, _bNaples India; _c2024. |
||
| 300 | _a204p. | ||
| 650 | _aFaculty Publication | ||
| 942 |
_2ddc _cBK |
||
| 999 |
_c13098 _d13098 |
||